000 00305nmm a2200097Ia 4500
008 220120s9999||||xx |||||||||||||||||und||
020 _a81-7808-018-4
100 _aPCQ JUNE 2010
_911220
245 0 _a28 tools for your business, cloud computing 2 linux destrol
260 _aCyber tach publication
_bDelhi
_c2010
999 _c139488
_d139488